[Event "Let's Play Chess!"]
[Site "http://www.queenalice.com/game.php?id=145735"]
[Date "2006.12.24"]
[Round "-"]
[White "Nostradamus"]
[Black "eductx"]
[Result "0-1"]
[WhiteElo "1874"]
[BlackElo "1757"]

1. d4 d5 2. c4 Nf6 3. Nc3 Bf5 4. cxd5 Nxd5 5. e3 e6 6. Nf3 Bb4 7. Bd2 Nc6 8. Bb5
O-O 9. Bxc6 bxc6 10. a3 Bd6 11. O-O Rb8 12. b4 Qf6 13. h3 Qg6 14. Nh4 Qf6 15.
Nxf5 Qxf5 16. g4 Qd3 17. Qe2 Qc2 18. Qd1 Qg6 19. f4 f5 20. g5 h6 21. h4 hxg5 22.
hxg5 Kf7 23. Kg2 Rh8 24. Rh1 Be7 25. Qf3 Rbd8 26. Rxh8 Rxh8 27. Rh1 Rxh1 28.
Kxh1 Qh7+ 29. Kg2 Kg6 30. e4 Nxc3 31. exf5+ Kxf5 32. Qd3+ Ne4 33. b5 Qh4 34. Qe3
Nxd2 35. Qe5+ Kg6 36. Qxe6+ Bf6 37. Qe3 Qg4+ 0-1

[Event "Let's Play Chess!"]
[Site "http://www.queenalice.com/game.php?id=145751"]
[Date "2006.12.24"]
[Round "-"]
[White "Nostradamus"]
[Black "Mikalus"]
[Result "1-0"]
[WhiteElo "1872"]
[BlackElo "1452"]

1. d4 d5 2. c4 Nf6 3. Nc3 e6 4. Nf3 Bb4 5. Bg5 Be7 6. e3 Ne4 7. Bxe7 Qxe7 8.
cxd5 Nxc3 9. bxc3 exd5 10. Be2 O-O 11. O-O Bg4 12. Ne5 Bxe2 13. Qxe2 c6 14. a4
Nd7 15. Nxd7 Qxd7 16. Ra2 b6 17. h3 Rfe8 18. c4 c5 19. cxd5 Qxd5 20. dxc5 Qxc5
21. Rc2 Qb4 22. Rc4 Qa5 23. Rfc1 h6 24. Qg4 Rad8 25. Rc7 Rf8 26. Re7 Qd2 27.
Rcc7 Qc1+ 28. Rxc1 1-0

[Event "Let's Play Chess!"]
[Site "http://www.queenalice.com/game.php?id=145789"]
[Date "2006.12.24"]
[Round "-"]
[White "Nostradamus"]
[Black "eductx"]
[Result "1-0"]
[WhiteElo "1874"]
[BlackElo "1787"]

1. d4 d5 2. c4 Nf6 3. Nc3 Bf5 4. cxd5 Nxd5 5. e3 e6 6. Nf3 Bb4 7. Bd2 c5 8. Bb5+
Nc6 9. O-O O-O 10. Bxc6 bxc6 11. Ne2 Bg4 12. Ne5 Bxe2 13. Qxe2 Qc7 14. Rac1 f6
15. Bxb4 Nxb4 16. Nf3 Nxa2 17. Rxc5 a5 18. Qc4 Nb4 19. Qxe6+ Qf7 20. Qxf7+ Rxf7
21. Ra1 Rfa7 22. g4 h6 23. Ra3 Ra6 24. e4 Kf7 25. Nd2 Ke7 26. f4 Rd8 27. Nf3 g6
28. Rcxa5 Rxa5 29. Rxa5 Nd3 30. Ra6 Rd6 31. e5 Re6 32. f5 gxf5 33. gxf5 1-0

[Event "Let's Play Chess!"]
[Site "http://www.queenalice.com/game.php?id=145790"]
[Date "2006.12.24"]
[Round "-"]
[White "eductx"]
[Black "Nostradamus"]
[Result "0-1"]
[WhiteElo "1793"]
[BlackElo "1887"]

1. Nf3 d5 2. c4 dxc4 3. Nc3 Nc6 4. e4 e6 5. Bxc4 a6 6. O-O Bc5 7. d3 b5 8. Bb3
Nge7 9. Be3 Bxe3 10. fxe3 O-O 11. d4 Na5 12. d5 Nxb3 13. Qxb3 Ng6 14. Rad1 Qe7
15. e5 Qc5 16. Ne4 Qb6 17. Neg5 exd5 18. Rxd5 Be6 19. Nxe6 fxe6 20. Rd4 Rf5 21.
g4 Rf7 22. Ng5 Rxf1+ 23. Kxf1 Re8 24. Nf3 Qc6 25. Ke2 Rf8 26. e4 Nf4+ 27. Ke3
Qc1+ 28. Kf2 Qh1 29. Ke3 Nd5+ 30. Kf2 Qxh2+ 31. Ke1 Qg3+ 32. Ke2 Qg2+ 33. Kd1
Rxf3 34. Rd2 Qf1+ 35. Kc2 Rxb3 0-1

[Event "Let's Play Chess!"]
[Site "http://www.queenalice.com/game.php?id=147905"]
[Date "2006.12.29"]
[Round "-"]
[White "stuge"]
[Black "Nostradamus"]
[Result "0-1"]
[WhiteElo "1328"]
[BlackElo "1893"]

1. e4 c5 2. c3 g6 3. d4 cxd4 4. cxd4 Bg7 5. Nf3 d6 6. Nc3 Nf6 7. d5 O-O 8. Be2
Nbd7 9. O-O a6 10. Be3 Ng4 11. Bd4 Bxd4 12. Qxd4 Ngf6 13. Rac1 Qa5 14. b4 Qb6
15. Na4 Qxd4 16. Nxd4 Nxe4 17. f3 Nef6 18. g4 Nxd5 19. Bc4 Ne3 20. Rfe1 Nxc4 21.
Rxc4 b5 22. Nc6 bxc4 23. Nxe7+ Kg7 24. Nc3 Ne5 25. Rf1 Bb7 26. b5 axb5 27. Nxb5
Rxa2 28. Nd4 Nxg4 0-1

[Event "Let's Play Chess!"]
[Site "http://www.queenalice.com/game.php?id=147906"]
[Date "2006.12.29"]
[Round "-"]
[White "Nostradamus"]
[Black "Boby"]
[Result "1/2-1/2"]
[WhiteElo "1891"]
[BlackElo "1398"]

1. d4 d5 2. c4 dxc4 3. Nc3 c6 4. e3 e6 5. Bxc4 h5 6. Nf3 Nd7 7. O-O Bb4 8. a3
Bxc3 9. bxc3 Ngf6 10. Qc2 Nb6 11. Ba2 a5 12. c4 Nbd7 13. Bb2 Qe7 1/2-1/2

[Event "Let's Play Chess!"]
[Site "http://www.queenalice.com/game.php?id=147907"]
[Date "2006.12.30"]
[Round "-"]
[White "centroid"]
[Black "Nostradamus"]
[Result "1-0"]
[WhiteElo "1853"]
[BlackElo "1899"]

1. d4 d5 2. c4 dxc4 3. e3 Nf6 4. Bxc4 e6 5. Qe2 Bb4+ 6. Bd2 Bxd2+ 7. Nxd2 O-O 8.
h3 a6 9. Ngf3 b6 10. O-O Bb7 11. Ne5 c5 12. Ndf3 cxd4 13. Nxd4 b5 14. Bd3 Qb6
15. b4 Qd6 16. Ng4 Nxg4 17. Qxg4 Qxb4 18. Rac1 Qd2 19. Rfd1 Qxa2 20. Qh4 g6 21.
Qe7 Qd5 22. f3 Bc8 23. Be4 Qe5 24. Bxa8 Qxe3+ 25. Kh1 Nd7 26. Bc6 b4 27. Bxd7
1-0

[Event "Let's Play Chess!"]
[Site "http://www.queenalice.com/game.php?id=148420"]
[Date "2006.12.31"]
[Round "-"]
[White "Jotakarlos"]
[Black "Nostradamus"]
[Result "1-0"]
[WhiteElo "1852"]
[BlackElo "1891"]

1. d4 d5 2. c4 dxc4 3. Nf3 Nf6 4. e3 Bg4 5. Bxc4 e6 6. h3 Bxf3 7. Qxf3 c6 8. O-O
Nbd7 9. Rd1 Be7 10. Nc3 O-O 11. e4 Nb6 12. Bb3 h6 13. Bf4 a5 14. Rac1 a4 15. Bc2
a3 16. b3 Qc8 17. e5 Nh7 18. Qg3 g5 19. Qd3 f5 20. exf6 Nxf6 21. Qg6+ Kh8 22.
Qxh6+ Kg8 23. Qxg5+ Kh8 24. Qh6+ Kg8 25. Qg6+ Kh8 26. Be5 1-0

[Event "Let's Play Chess!"]
[Site "http://www.queenalice.com/game.php?id=151781"]
[Date "2007.1.9"]
[Round "-"]
[White "Nostradamus"]
[Black "Carlos75"]
[Result "0-1"]
[WhiteElo "1870"]
[BlackElo "2239"]

1. d4 Nf6 2. c4 e6 3. Nf3 d5 4. e3 dxc4 5. Nc3 a6 6. Bxc4 b5 7. Be2 Bb7 8. O-O
Nbd7 9. Qc2 c5 10. Rd1 Rc8 11. dxc5 Bxc5 12. Qd3 O-O 13. a3 Qc7 14. Bd2 Ng4 15.
h3 Bxf3 16. Bxf3 Qh2+ 17. Kf1 Nde5 18. Qe4 f5 19. Qf4 Nxf3 20. Qxf3 Nxf2 0-1

[Event "Let's Play Chess!"]
[Site "http://www.queenalice.com/game.php?id=151782"]
[Date "2007.1.9"]
[Round "-"]
[White "hugo10"]
[Black "Nostradamus"]
[Result "0-1"]
[WhiteElo "1382"]
[BlackElo "1889"]

1. e4 c5 2. Bc4 Nc6 3. Nf3 e6 4. d3 d5 5. Bb5 Qa5+ 6. c3 Qxb5 7. a4 Qb6 8. Na3
d4 9. Nb5 e5 10. Nxe5 Nxe5 11. Bf4 Bd6 12. cxd4 cxd4 13. Bg3 a6 14. Nxd6+ Qxd6
15. f4 Nc6 16. f5 Qb4+ 17. Qd2 Qxd2+ 18. Kxd2 Nge7 19. Rhe1 O-O 20. Bd6 Re8 21.
e5 Nxf5 22. g4 Nxd6 23. exd6 Bxg4 24. Re4 Rxe4 25. dxe4 Ne5 26. b4 Rc8 27. b5 h5
28. bxa6 bxa6 29. Rb1 d3 30. Rb6 Nc4+ 31. Kxd3 Nxb6 32. a5 Nc4 33. d7 Bxd7 34.
h4 Nxa5 35. e5 Nb3 36. Ke4 Rc3 37. Kd5 Rd3+ 38. Kc4 Bb5+ 39. Kb4 f5 40. e6 f4
41. e7 Kf7 42. e8=R Kxe8 43. Ka3 a5 44. Kb2 f3 45. Kc2 f2 46. Kb2 f1=Q 47. Ka2
Qa1# 0-1

[Event "Let's Play Chess!"]
[Site "http://www.queenalice.com/game.php?id=151783"]
[Date "2007.1.9"]
[Round "-"]
[White "Carlos75"]
[Black "Nostradamus"]
[Result "1-0"]
[WhiteElo "2240"]
[BlackElo "1868"]

1. e4 c5 2. Nf3 d6 3. d4 cxd4 4. Nxd4 Nf6 5. Nc3 g6 6. Be3 Bg7 7. f3 O-O 8. Qd2
Nc6 9. O-O-O d5 10. exd5 Nxd5 11. Nxc6 bxc6 12. Nxd5 cxd5 13. Qxd5 Be6 14. Qxd8
Rfxd8 15. Ba6 Rdb8 16. b3 h6 17. c4 Rb6 18. Bb5 a6 19. Bxb6 axb5 20. Rd8+ Rxd8
21. Bxd8 bxc4 22. b4 1-0

[Event "Let's Play Chess!"]
[Site "http://www.queenalice.com/game.php?id=152079"]
[Date "2007.1.9"]
[Round "-"]
[White "Nostradamus"]
[Black "Pato"]
[Result "0-1"]
[WhiteElo "1880"]
[BlackElo "2035"]

1. d4 Nf6 2. c4 e5 3. dxe5 Ng4 4. e4 Nxe5 5. f4 Nec6 6. Be3 a5 7. Nf3 Na6 8. a3
Bc5 9. Bxc5 Nxc5 10. Nc3 O-O 11. Be2 Re8 12. e5 d6 13. exd6 cxd6 14. O-O Be6 15.
Nd5 a4 16. Qc2 Nb3 17. Rae1 Ncd4 18. Nxd4 Nxd4 19. Qd1 Nxe2+ 20. Rxe2 Bxd5 21.
Rxe8+ Qxe8 22. Qxd5 Qe3+ 23. Kh1 Qe2 24. Rd1 Qxb2 25. Qxd6 g6 26. f5 Re8 27. f6
h6 28. h3 Re6 29. Qf4 Qxf6 30. Qxh6 Rc6 31. Qc1 Kg7 32. Rf1 Qd4 33. Rf4 Qe5 34.
Rf1 b5 35. Rf4 g5 36. Rg4 f6 37. Qf1 bxc4 38. Rxc4 Rxc4 39. Qxc4 Qa1+ 40. Kh2
Qxa3 41. Qc7+ Kg6 42. Qc2+ Kh6 43. Qc6 Qa1 44. g4 Qb2+ 45. Kg3 a3 46. Qe8 Qe5+
0-1

[Event "Let's Play Chess!"]
[Site "http://www.queenalice.com/game.php?id=157562"]
[Date "2007.1.22"]
[Round "-"]
[White "Nostradamus"]
[Black "Cat"]
[Result "0-1"]
[WhiteElo "1852"]
[BlackElo "1939"]

1. d4 Nf6 2. c4 d6 3. Nc3 g6 4. Nf3 Bg7 5. e3 O-O 6. Be2 c5 7. O-O Bf5 8. a3 a5
9. b3 Ne4 10. Bb2 cxd4 11. Nxd4 Nxc3 12. Bxc3 Be4 13. Bf3 Bc6 14. Bxc6 Nxc6 15.
Nxc6 bxc6 16. Bxg7 Kxg7 17. Qc2 Qb6 18. Rfb1 Rfd8 19. h3 d5 20. c5 Qc7 21. Qc3+
e5 22. b4 axb4 23. Rxb4 f6 0-1

[Event "Let's Play Chess!"]
[Site "http://www.queenalice.com/game.php?id=157563"]
[Date "2007.1.22"]
[Round "-"]
[White "Cat"]
[Black "Nostradamus"]
[Result "1-0"]
[WhiteElo "1925"]
[BlackElo "1866"]

1. d4 d5 2. c4 dxc4 3. e4 e5 4. d5 Nf6 5. Bg5 Bb4+ 6. Nc3 Bxc3+ 7. bxc3 Qd6 8.
Bxf6 Qxf6 9. Bxc4 O-O 10. Ne2 a6 11. O-O b5 12. Bb3 Bb7 13. a4 Nd7 14. axb5 axb5
15. Qd3 c6 16. Rfd1 Nc5 17. Qc2 Nxb3 18. Qxb3 Qd6 19. c4 b4 20. Ng3 g6 21. Rxa8
Rxa8 22. dxc6 1-0

[Event "Challenge"]
[Site "http://www.queenalice.com/game.php?id=234867"]
[Date "2007.7.5"]
[Round "-"]
[White "Nostradamus"]
[Black "maple"]
[Result "0-1"]
[WhiteElo "1830"]
[BlackElo "2017"]

1. d4 d5 2. c4 Nf6 3. Nf3 dxc4 4. e3 Bg4 5. Bxc4 e6 6. O-O Be7 7. Nc3 O-O 8. a3
Nbd7 9. b4 a6 10. Bb2 Nb6 11. Ba2 Nbd5 12. Nxd5 Nxd5 13. Bxd5 Qxd5 14. Rc1 Bxf3
15. Qxf3 Qxf3 16. gxf3 f5 17. Kg2 g5 18. Rxc7 Bf6 19. Rxb7 Rfc8 20. Rc1 Rxc1 21.
Bxc1 Rc8 22. Bd2 Rc2 23. Be1 Rc1 24. Bd2 Ra1 25. Rb6 Rxa3 26. h3 Kf7 27. Kg3 Ra2
28. Bc3 Ra3 29. Be1 h5 30. e4 fxe4 31. b5 Rxf3+ 32. Kg2 axb5 33. Rxb5 Rd3 34.
Rb7+ Kg6 35. Rb6 Kf5 36. Rb5+ e5 37. dxe5 Bxe5 38. Ba5 Rd7 39. Bc3 Re7 40. Rxe5+
Rxe5 41. Bxe5 Kxe5 42. Kg3 Kd4 43. h4 g4 44. Kf4 Kd3 45. Kg3 Ke2 46. Kg2 e3 47.
fxe3 Kxe3 48. Kg3 Ke4 49. Kg2 Kf4 50. Kh2 Kf3 0-1

[Event "Challenge"]
[Site "http://www.queenalice.com/game.php?id=234868"]
[Date "2007.7.5"]
[Round "-"]
[White "maple"]
[Black "Nostradamus"]
[Result "1-0"]
[WhiteElo "2006"]
[BlackElo "1839"]

1. d4 d5 2. c4 c5 3. dxc5 dxc4 4. Qxd8+ Kxd8 5. e4 e5 6. Be3 Nc6 7. Nf3 Nf6 8.
Bxc4 Be7 9. Bxf7 Nxe4 10. Nbd2 Nxd2 11. Nxd2 Bf5 12. Ke2 h6 13. Rhd1 Kc7 14. f4
Nd4+ 15. Bxd4 exd4 16. h3 Rad8 17. g4 Bd7 18. b4 Bb5+ 19. Kf2 Rhf8 20. Bc4 Bxc4
21. Nxc4 Rxf4+ 22. Kg3 g5 23. Rd3 Rd5 24. Re1 Kd7 25. Ne5+ Kd8 26. Ng6 Bf6 27.
Re6 Rf1 28. Kg2 Ra1 29. Rxf6 Rxa2+ 30. Kg3 Rb2 31. Rf8+ Kd7 32. Rf7+ Kc8 33.
Ne7+ 1-0

[Event "Challenge"]
[Site "http://www.queenalice.com/game.php?id=234980"]
[Date "2007.7.5"]
[Round "-"]
[White "jalvez"]
[Black "Nostradamus"]
[Result "1/2-1/2"]
[WhiteElo "1991"]
[BlackElo "1821"]

1. e4 c5 2. Nf3 Nc6 3. Bb5 g6 4. c3 Bg7 5. O-O Qb6 6. Ba4 d6 7. h3 Bd7 8. Re1
Nf6 9. Na3 O-O 10. Nc4 Qc7 11. d3 a6 12. Ne3 b5 13. Bc2 e6 14. Nf1 Rad8 15. Bf4
e5 16. Bg5 h6 17. Be3 Be6 18. Bb3 c4 19. dxc4 bxc4 20. Bc2 d5 21. exd5 Nxd5 22.
Qe2 Nf4 23. Bxf4 exf4 24. N1d2 Rfe8 25. Qf1 g5 26. Kh1 g4 27. hxg4 Bxg4 28.
Rxe8+ Rxe8 29. Qxc4 Bxf3 30. Nxf3 Qd6 31. Qxa6 Qc5 32. Ba4 Re6 33. Qc8+ Bf8 34.
Bxc6 Rxc6 35. Qg4+ Rg6 36. Qh3 Qxf2 37. Rd1 Qxb2 38. Rd2 Qc1+ 39. Kh2 Qxc3 40.
Qd7 Qa5 41. Qd5 Qxd5 42. Rxd5 Ra6 43. Rd2 Ra5 44. Kh3 f5 45. Kh4 Bg7 46. Kh5 Kh7
47. Nh4 Rb5 48. a4 Ra5 49. Ra2 Bf6 50. Nf3 Rd5 51. Rd2 Ra5 52. Ra2 Rc5 53. Ng1
Rc1 54. Nh3 Rh1 55. Rf2 Be5 56. Rf3 Ra1 57. Nxf4 Rxa4 58. Nd5 Ra5 59. Rd3 Bh2
60. Kh4 Ra4+ 61. Kh3 Bg1 62. Kg3 h5 63. Kf3 Kh6 64. Nf4 Ra6 65. Nh3 Ba7 66. Kf4
Bb8+ 67. Kxf5 Ra5+ 68. Ke4 Ra4+ 69. Kf3 Ra6 70. Rb3 Rf6+ 71. Ke4 Bc7 72. Rb7 Bg3
73. Rb3 h4 74. Rf3 Ra6 75. Rc3 Ra4+ 76. Kf3 Ra6 77. Rc1 Ra3+ 78. Kg4 Ra4+ 79.
Kf3 Ra3+ 80. Kg4 1/2-1/2

[Event "Challenge"]
[Site "http://www.queenalice.com/game.php?id=279798"]
[Date "2007.10.1"]
[Round "-"]
[White "Nostradamus"]
[Black "willys"]
[Result "0-1"]
[WhiteElo "1828"]
[BlackElo "1480"]

1. d4 d5 2. Nf3 Nf6 3. c4 c6 4. Nc3 dxc4 5. a4 Bf5 6. e3 e6 7. Bxc4 Bb4 8. O-O
O-O 9. Ng5 h6 10. e4 hxg5 11. exf5 exf5 12. Bxg5 Bxc3 13. bxc3 Qa5 14. Bxf6 gxf6
15. Qf3 Nd7 16. Bb5 cxb5 17. Qxf5 Qc7 18. Qg4+ Kh8 19. Qh3+ Kg7 20. f4 Rg8 21.
Rf3 Kf8 22. Re1 Qc6 23. Qh6+ Rg7 24. Rg3 Qe6 25. Rxg7 Qxe1# 0-1